Anteproyecto arquitectónico para una terminal de transporte público en La Carpio
Guardat en:
| Autor principal: | |
|---|---|
| Altres autors: | |
| Format: | Desconegut |
| Idioma: | Spanish |
| Publicat: |
[San José,Costa Rica]
2012
|
| Matèries: | |
| Accés en línia: | https://cedi.ucr.ac.cr/arquitectura/anteproyecto-arquitectonico-para-una-terminal-de-transporte-publico-en-la-carpio/ |
| Etiquetes: |
Afegir etiqueta
Sense etiquetes, Sigues el primer a etiquetar aquest registre!
|
MARC
| LEADER | 00000 a2200000 4500 | ||
|---|---|---|---|
| 003 | EA0019 | ||
| 005 | 20230613144221.0 | ||
| 008 | 140114s2012 cr a 000 ||spa d | ||
| 040 | |c cru CEDI | ||
| 090 | |a TFG EA-019 | ||
| 100 | |a Feoli Zeledón, Rodolfo |9 19940 | ||
| 245 | |a Anteproyecto arquitectónico para una terminal de transporte público en La Carpio | ||
| 260 | |a [San José,Costa Rica] |c 2012 | ||
| 500 | |a Proyecto de graduación (licenciatura en arquitectura)--Universidad de Costa Rica. Facultad de Ingeniería. Escuela de Arquitectura | ||
| 501 | |a Director de Proyecto de Graduación: Arq. Manuel Morales Alpízar | ||
| 650 | |x DISENO ARQUITECTONICO |x TRANSPORTE PUBLICO - LA CARPIO (LA URUCA, SAN JOSE, COSTA RICA) |x LA CARPIO (LA URUCA, SAN JOSE, COSTA RICA) |9 19941 | ||
| 700 | |9 74 |a Morales Alpízar, Manuel, 1977- |d Director del TFG | ||
| 856 | |u https://cedi.ucr.ac.cr/arquitectura/anteproyecto-arquitectonico-para-una-terminal-de-transporte-publico-en-la-carpio/ |y https://cedi.ucr.ac.cr/arquitectura/anteproyecto-arquitectonico-para-una-terminal-de-transporte-publico-en-la-carpio/ | ||
| 942 | |c CEDI |2 ddc | ||
| 999 | |c 12948 |d 12948 | ||
